Đạo đức 5
Đã lưu trong:
| Tác giả chính: | |
|---|---|
| Tác giả khác: | |
| Định dạng: | Sách |
| Ngôn ngữ: | Undetermined |
| Được phát hành: |
H.
Giáo dục
2007
|
| Những chủ đề: | |
| Truy cập trực tuyến: | http://lrc.tdmu.edu.vn/opac/search/detail.asp?aID=2&ID=4563 |
| Các nhãn: |
Thêm thẻ
Không có thẻ, Là người đầu tiên thẻ bản ghi này!
|
| Thư viện lưu trữ: | Trung tâm Học liệu Trường Đại học Thủ Dầu Một |
|---|
| LEADER | 00632nam a2200205Ia 4500 | ||
|---|---|---|---|
| 001 | TDMU_4563 | ||
| 008 | 210410s9999 xx 000 0 und d | ||
| 082 | |a 170.71 | ||
| 090 | |b L566 | ||
| 100 | |a Lưu, Thu Thủy | ||
| 245 | 0 | |a Đạo đức 5 | |
| 245 | 0 | |c Lưu Thu Thủy | |
| 260 | |a H. | ||
| 260 | |b Giáo dục | ||
| 260 | |c 2007 | ||
| 300 | |a 48tr | ||
| 650 | |a Sách lớp 5; Đạo đức |x Giảng dạy và học tập | ||
| 700 | |a Nguyễn, Việt Bắc | ||
| 856 | |u http://lrc.tdmu.edu.vn/opac/search/detail.asp?aID=2&ID=4563 | ||
| 980 | |a Trung tâm Học liệu Trường Đại học Thủ Dầu Một | ||